Property lending survey 1993. (Record no. 91290)

MARC details
000 -LEADER
fixed length control field 00573cam a2200217 4500
001 - CONTROL NUMBER
control field J1393
008 - FIXED-LENGTH DATA ELEMENTS--GENERAL INFORMATION
fixed length control field 090401t1993 xxu||||| |||| 00| 0 eng d
035 ## - SYSTEM CONTROL NUMBER
System control number (Sirsi) u43294
041 ## - LANGUAGE CODE
Language code of text/sound track or separate title eng
050 ## - LIBRARY OF CONGRESS CALL NUMBER
Classification number 332.6324
110 ## - MAIN ENTRY--CORPORATE NAME
Corporate name or jurisdiction name as entry element Chesterton Financial
9 (RLIN) 2959
245 ## - TITLE STATEMENT
Title Property lending survey 1993.
260 ## - PUBLICATION, DISTRIBUTION, ETC.
Place of publication, distribution, etc. London
Name of publisher, distributor, etc. Chesterton Financial Services Ltd.
Date of publication, distribution, etc. 1993
300 ## - PHYSICAL DESCRIPTION
Extent (4)p. ; 30cm.
350 ## - PRICE (NR) (BK AM CF MU VM SE) [OBSOLETE]
Price 0
650 ## - SUBJECT ADDED ENTRY--TOPICAL TERM
Topical term or geographic name entry element PROPERTY LENDING
690 ## - LOCAL SUBJECT ADDED ENTRY--TOPICAL TERM (OCLC, RLIN)
Topical term or geographic name as entry element PROPERTY-COMMERCIAL PROPERTY
710 ## - ADDED ENTRY--CORPORATE NAME
Corporate name or jurisdiction name as entry element University of Greenwich
9 (RLIN) 2963
942 ## - ADDED ENTRY ELEMENTS (KOHA)
Suppress in OPAC 0
948 ## - LOCAL PROCESSING INFORMATION (OCLC); SERIES PART DESIGNATOR (RLIN)
c (OCLC) 04/03/1997
Holdings
Withdrawn status Lost status Source of classification or shelving scheme Damaged status Not for loan Home library Current library Shelving location Date acquired Total Checkouts Full call number Barcode Date last seen Copy number Price effective from Koha item type
    Dewey Decimal Classification     London London Property market reports 02/03/1993   PROPERTY MARKET REPORTS 30038167 06/08/2019 1 06/08/2019 Book